000
00207 a2200097 4500
001
42238
100
_a
Hill D
245
_a
Islamic Architecture
260
_a
_b
Faber & Faber Ltd
_c
090
_c
26213
_d
26213
942
_a
NUST-CAE
_c
M
_c
18018
999
_c
277311
_d
277311